| 000 | 00813cam a2200229 4500 | ||
|---|---|---|---|
| 008 | 090401t1991 xxu||||| |||| 00| 0 eng d | ||
| 020 | _a1853280542 | ||
| 035 | _a(Sirsi) u77216 | ||
| 041 | _aeng | ||
| 050 | _a347.4107 | ||
| 100 | _aBrown, Henry | ||
| 245 | _aAlternative dispute resolution: report prepared...for the Courts and Legal Services Committee. | ||
| 260 |
_aLondon _bLaw Society _c1991 |
||
| 300 | _a43,(16)p. ; 30cm. | ||
| 350 | _a10 | ||
| 520 | _aReviews the forms of ADR available in England and Wales, examines the development of ADR and the situations where it would be appropriate and considers the implications for training, ethics and practice. | ||
| 650 | _aSOLICITORS | ||
| 690 | _aLAW | ||
| 710 |
_aLaw Society of England and Wales _91639 |
||
| 942 | _n0 | ||
| 948 | _c04/03/1997 | ||
| 999 |
_c96291 _d96291 |
||